Loading...
| History - American | 0 | 6 | 0 | 1 | 60 | 14 | 42.17 | 4 | 5 | 32.38 | 41.41 |
| Painting/Sculpture | 0 | 5 | 0 | 3 | 50 | 59 | 92.80 | 1 | 2 | 7.96 | 21.21 |
| Social Science | 0 | 4 | 0 | 1 | 40 | 74 | 85.75 | 0 | 2 | 9.67 | 24.65 |
| History - Other | 0 | 3 | 0 | 0 | 30 | 75 | 80.67 | 1 | 3 | 7.46 | 19.19 |
| Fine Arts - Classical Music | 0 | 3 | 0 | 0 | 30 | 73 | 81.33 | 0 | 1 | 6.96 | 14.52 |
| History - World | 0 | 3 | 1 | 0 | 25 | 27 | 42.33 | 0 | 3 | 16.89 | 17.80 |
| Current Events | 0 | 3 | 1 | 0 | 25 | 33 | 46.00 | 1 | 3 | 28.16 | 42.59 |
| History - European | 0 | 3 | 2 | 0 | 20 | 7 | 37.33 | 1 | 2 | 17.38 | 18.69 |
| Literature - British | 0 | 1 | 0 | 0 | 10 | 86 | 86.00 | 0 | 0 | 1.98 | 6.06 |
| Fine Arts - Other | 0 | 1 | 0 | 0 | 10 | 84 | 84.00 | 0 | 0 | 2.45 | 6.06 |
| Philosophy | 0 | 1 | 0 | 0 | 10 | 74 | 74.00 | 0 | 0 | 3.43 | 6.25 |
| Pop Culture | 0 | 1 | 0 | 0 | 10 | 34 | 34.00 | 1 | 1 | 11.70 | 16.67 |
| Geography | 0 | 1 | 0 | 0 | 10 | 90 | 90.00 | 0 | 0 | 4.21 | 12.50 |
| Literature - European | 0 | 0 | 0 | 0 | 0 | 0.00 | 0 | 0 | 0.00 | 0.00 |